LEADER 01174nam0-2200349---450- 001 990009483460403321 005 20120723194619.0 035 $a000948346 035 $aFED01000948346 035 $a(Aleph)000948346FED01 035 $a000948346 100 $a20111114d1993----km-y0itay50------ba 101 1 $aita 102 $aIT 200 1 $a<>cavallo$eriproduzione, selezione, alimentazione, sfruttamento$fopera collettiva coordinata da Robert Jarrige e William Martin-Rosset$gpresentazione di Roberto Busetto$gedizione italiana a cura di Vincenzo Appicciutoli, Giovanni Morei e Marco Reitano$gtraduzione di Riccardo Rosetti 210 $aMilano [etc.]$cMasson$d1993 215 $aXIII, 679 p.$d25 cm 610 0 $aCavalli$aAllevamento 676 $a636.1$v19$zita 702 1$aJarrige,$bRobert 702 1$aMorei,$bGiovanni 702 1$aMartin-Rosset,$bWilliam 702 1$aReitano,$bMarco 702 1$aAppicciutoli,$bVincenzo 702 1$aRosetti,$bRiccardo 801 0$aIT$bUNINA$gRICA$2UNIMARC 901 $aBK 912 $a990009483460403321 952 $aF IV 26/p$b595$fDMVCM 959 $aDMVCM 996 $aCavallo$9852004 997 $aUNINA LEADER 00502nam 2200181z- 450 001 9910557535703321 035 $a(CKB)5400000000044220 035 $a(EXLCZ)995400000000044220 100 $a20220406c2022uuuu -u- - 101 0 $aeng 200 10$aME/CFS : Causes, Clinical Features and Diagnosis 210 $cMDPI - Multidisciplinary Digital Publishing Institute 311 $a3-0365-2439-8 517 $aME/CFS 906 $aBOOK 912 $a9910557535703321 996 $aM?$91992160 997 $aUNINA